Προοπτικές ανάπτυξης του θρησκευτικού τουρισμού στη Χίο
Αποθηκεύτηκε σε:
| Συγγραφή απο Οργανισμό/Αρχή: | |
|---|---|
| Άλλοι συγγραφείς: | |
| Μορφή: | Thesis Βιβλίο |
| Γλώσσα: | Greek |
| Δημοσίευση: |
2013.
|
| Θέματα: | |
| Διαθέσιμο Online: | http://hdl.handle.net/11610/11468 |
| Ετικέτες: |
Προσθήκη ετικέτας
Δεν υπάρχουν, Καταχωρήστε ετικέτα πρώτοι!
|
MARC
| LEADER | 00000cam a2200000 a 4500 | ||
|---|---|---|---|
| 001 | 1/119614 | ||
| 008 | 190716t2013####gr | ||| |||| ||gre|| | ||
| 040 | |a GR-MyUa |b gre |c GR-MyUa |e AACR2 | ||
| 041 | 0 | |a gre | |
| 082 | 7 | |a 338.479149582 |2 (23) | |
| 100 | 1 | |a Πουλάκη, Πανωραία Ν. |e dis | |
| 245 | 1 | 0 | |a Προοπτικές ανάπτυξης του θρησκευτικού τουρισμού στη Χίο / |c Πουλάκη Πανωραία Ν. ; επιβλέπων : Λαγός Δημήτρης. |
| 260 | |c 2013. | ||
| 300 | |a 455 σ. : |b διαγρ., εικ., πίν. ; |c 30 εκ. | ||
| 502 | |a Διατριβή (διδακτορική) - Πανεπιστήμιο Αιγαίου, Χίος, 2013. | ||
| 504 | |a Περιλαμβάνει βιβλιογραφία. | ||
| 650 | 0 | |a Tourism |x Religious aspects |x Christianity. | |
| 650 | 0 | |a Church buildings |z Greece |z Chios Island. | |
| 650 | 0 | |a Monastic and religious life |z Greece |z Chios Island. | |
| 700 | 1 | |a Λαγός, Δημήτρης Γ. |e dgs | |
| 710 | 1 | |a Πανεπιστήμιο Αιγαίου |b Σχολή Επιστημών της Διοίκησης |b Τμήμα Διοίκησης Επιχειρήσεων - Τ.Δ.Ε. | |
| 852 | |a INST |b CHIOS |c DIATR |e 20190716 |h 338.479149582 ΠΟΥ |p 005200039316 |q 005200039316 |t PHD |y 23 | ||
| 856 | |u http://hdl.handle.net/11610/11468 | ||
| 924 | |a Πουλάκη |b Πανωραία Ν. |y Χίος |z 2013-03 | ||
| 970 | |a Παροικάκη |b Βασιλική |z 16-07-2019 | ||